[Event "Torshavn Kjolur op"]
[Site "Torshavn"]
[Date "2023.01.28"]
[Round "5"]
[White "Jacobsen, Markus"]
[Black "Tummasarson, Flovin M"]
[Result "1-0"]
[WhiteElo "1420"]
[BlackElo "1748"]
[PlyCount "109"]
[EventDate "2023.01.27"]
[EventType "swiss"]
[EventRounds "7"]
[EventCountry "FAI"]
[SourceTitle "EXT 2024"]
[Source "ChessBase"]
[SourceDate "2023.10.10"]
[SourceVersion "1"]
[SourceVersionDate "2023.10.10"]
[SourceQuality "1"]

1. d4 Nf6 2. Bf4 g6 3. Nc3 d5 4. e3 Bg7 5. h4 0-0 6. h5 Nxh5 7. Rxh5 gxh5 8. Qxh5 c6 9. Bd3 f5 10. Nf3 Qe8 11. Qh2 Nd7 12. 0-0-0 Nf6 13. Rh1 h5 14. Ne5 Ng4 15. Qg3 Bxe5 16. Bxe5 Qg6 17. Ne2 Nxe5 18. Qxe5 Qd6 19. Qxd6 exd6 20. Rxh5 Bd7 21. Rh6 Rae8 22. Rxd6 Bc8 23. Nf4 Rf7 24. c4 Rc7 25. cxd5 cxd5+ 26. Kd2 Kf7 27. Rxd5 Kf6 28. Ra5 Kg5 29. Rxa7 Rh8 30. Ra5 Rc6 31. Nd5 b6 32. Rb5 Ba6 33. Rxb6 Rxb6 34. Nxb6 Rb8 35. Na4 Bb7 36. f3 Bc6 37. b3 Bxa4 38. bxa4 Rb2+ 39. Bc2 Rxa2 40. d5 Kf6 41. Kc3 Ke5 42. e4 f4 43. Kb3 Ra1 44. Kb2 Rg1 45. a5 Rxg2 46. Kc3 Rf2 47. Bd1 Kd6 48. Kb4 Rb2+ 49. Bb3 Rb1 50. a6 Kc7 51. d6+ Kb6 52. d7 Kc7 53. a7 Ra1 54. Ba4 Rb1+ 55. Ka5 1-0

[Event "Torshavn Kjolur op"]
[Site "Torshavn"]
[Date "2023.01.28"]
[Round "4"]
[White "Magnussen, Petur Gardar"]
[Black "Tummasarson, Flovin M"]
[Result "1/2-1/2"]
[WhiteElo "1272"]
[BlackElo "1748"]
[PlyCount "66"]
[EventDate "2023.01.27"]
[EventType "swiss"]
[EventRounds "7"]
[EventCountry "FAI"]
[SourceTitle "EXT 2024"]
[Source "ChessBase"]
[SourceDate "2023.10.10"]
[SourceVersion "1"]
[SourceVersionDate "2023.10.10"]
[SourceQuality "1"]

1. e4 e5 2. Nf3 Nc6 3. Bc4 Bc5 4. c3 Nf6 5. d3 a6 6. Nbd2 d6 7. Nf1 Ba7 8. Ng3 Na5 9. Bb3 Nxb3 10. axb3 c6 11. d4 exd4 12. Nxd4 0-0 13. 0-0 Re8 14. Re1 Bg4 15. f3 Bd7 16. Kh1 Bb8 17. Bf4 c5 18. Ndf5 d5 19. Bxb8 Qxb8 20. exd5 Rxe1+ 21. Qxe1 Nxd5 22. Ne7+ Nxe7 23. Qxe7 Qc8 24. Ne4 Qe8 25. Qxc5 Bc6 26. Re1 Qe6 27. Qf2 Re8 28. Re2 Qxb3 29. h3 Bb5 30. Rd2 Bc6 31. Re2 Bb5 32. Rd2 Bc6 33. Re2 Bb5 1/2-1/2

[Event "Klaksvik Kjolur op"]
[Site "Klaksvik"]
[Date "2022.04.03"]
[Round "7"]
[White "Tummasarson, Flovin M"]
[Black "Wiberg, Ingi"]
[Result "1/2-1/2"]
[WhiteElo "1763"]
[BlackElo "1778"]
[PlyCount "74"]
[EventDate "2022.04.01"]
[EventType "swiss"]
[EventRounds "7"]
[EventCountry "FAI"]
[SourceTitle "EXT 2023"]
[Source "ChessBase"]
[SourceDate "2022.10.05"]
[SourceVersion "1"]
[SourceVersionDate "2022.10.05"]
[SourceQuality "1"]

1. e4 e5 2. Nf3 d6 3. d4 exd4 4. Nxd4 g6 5. Be3 Bg7 6. Nc3 Nf6 7. Qd2 Nc6 8. f3 Nxd4 9. Bxd4 h5 10. Nd5 Be6 11. Nxf6+ Bxf6 12. Qc3 Bxd4 13. Qxd4 0-0 14. h4 d5 15. 0-0-0 dxe4 16. Qxe4 Qf6 17. Bd3 c6 18. Qe3 Rfe8 19. Qh6 Qg7 20. Qf4 Kh7 21. Kb1 f5 22. Rde1 Rad8 23. Re2 Rxd3 24. Rxe6 Rxe6 25. cxd3 Re2 26. Qb4 c5 27. Qa3 b5 28. Qb3 b4 29. Rc1 Qe7 30. Qc4 Rxg2 31. Qxc5 Qxh4 32. Qxa7+ Kh6 33. Qe3+ f4 34. Qd4 Qg3 35. Qh8+ Kg5 36. Qd8+ Kh6 37. Qh8+ Kg5 1/2-1/2

[Event "EU-ch 21st"]
[Site "Reykjavik"]
[Date "2021.09.02"]
[Round "8"]
[White "Karason, Askell Orn"]
[Black "Tummasarson, Flovin M"]
[Result "1-0"]
[WhiteElo "2270"]
[BlackElo "1764"]
[PlyCount "47"]
[EventDate "2021.08.26"]
[EventType "swiss"]
[EventRounds "11"]
[EventCountry "ISL"]
[SourceTitle "CBM 204"]
[Source "ChessBase"]
[SourceDate "2021.10.31"]
[SourceVersion "1"]
[SourceVersionDate "2021.10.31"]
[SourceQuality "1"]

1. Nf3 Nf6 2. c4 g6 3. Nc3 c6 4. d4 d5 5. e3 Bg7 6. Bd3 0-0 7. b3 Nbd7 8. cxd5 cxd5 9. Bb2 b6 10. 0-0 Bb7 11. a4 Re8 12. Rc1 a6 13. Qc2 e5 14. dxe5 Ng4 15. Rfd1 Rc8 16. Qe2 Nc5 17. Bc4 Nxe5 18. Bxd5 Qf6 19. Bxb7 Nxb7 20. Nd4 Nc6 21. Nd5 Qe5 22. Nxc6 Qxb2 23. Qxb2 Bxb2 24. Nce7+ 1-0

[Event "EU-ch 21st"]
[Site "Reykjavik"]
[Date "2021.09.01"]
[Round "7"]
[White "Tummasarson, Flovin M"]
[Black "Gudnyjarson, Sigurdur Pall"]
[Result "1-0"]
[WhiteElo "1764"]
[BlackElo "1207"]
[PlyCount "59"]
[EventDate "2021.08.26"]
[EventType "swiss"]
[EventRounds "11"]
[EventCountry "ISL"]
[SourceTitle "CBM 204"]
[Source "ChessBase"]
[SourceDate "2021.10.31"]
[SourceVersion "1"]
[SourceVersionDate "2021.10.31"]
[SourceQuality "1"]

1. e4 e6 2. d4 d5 3. Nd2 Nf6 4. e5 Nfd7 5. Bd3 c5 6. c3 Nc6 7. Ne2 Qb6 8. Nf3 cxd4 9. cxd4 Bb4+ 10. Bd2 Bxd2+ 11. Qxd2 Nb4 12. Bb1 Nc6 13. a3 Na5 14. Ba2 Qc7 15. Rc1 Qd8 16. b4 Nc6 17. 0-0 0-0 18. Qd3 f6 19. exf6 Nxf6 20. Nc3 Ne7 21. Rfe1 Ng6 22. h3 Re8 23. Bb1 Qd6 24. Nb5 Qe7 25. Nc7 Rb8 26. Nxe8 Qxe8 27. Qe3 Bd7 28. Bxg6 Qxg6 29. Ne5 Qe8 30. Nxd7 1-0

[Event "FAI-chT2 2021"]
[Site "Faroe Islands"]
[Date "2020.11.22"]
[Round "5.4"]
[White "Tummasarson, Flovin M"]
[Black "Nielsen, Sonni"]
[Result "1-0"]
[WhiteElo "1625"]
[BlackElo "1752"]
[PlyCount "69"]
[EventDate "2020.10.04"]
[EventType "team-tourn"]
[EventRounds "10"]
[EventCountry "FAI"]
[SourceTitle "EXT 2022"]
[Source "ChessBase"]
[SourceDate "2021.10.06"]
[SourceVersion "1"]
[SourceVersionDate "2021.10.06"]
[SourceQuality "1"]
[WhiteTeam "Klaksvik III"]
[BlackTeam "Sandavagur II"]
[WhiteTeamCountry "FAI"]
[BlackTeamCountry "FAI"]

1. e4 e5 2. Nf3 d6 3. Bc4 Be7 4. d3 Nf6 5. 0-0 0-0 6. Re1 a5 7. a4 Nc6 8. Nbd2 Bg4 9. c3 d5 10. exd5 Nxd5 11. h3 Bxf3 12. Nxf3 Bf6 13. Nh2 Nb6 14. Bb3 Qd6 15. Ng4 Nd7 16. Qf3 Rae8 17. Qg3 Kh8 18. Bc4 Nd8 19. Re4 Nc5 20. Nxf6 Qxf6 21. Rg4 Nde6 22. f4 exf4 23. Bxf4 Nxf4 24. Rxf4 Qd6 25. Qf3 f6 26. Rh4 g5 27. Rh6 Kg7 28. Qh5 Rh8 29. Rxh7+ Rxh7 30. Qxe8 Nxd3 31. Bxd3 Qxd3 32. Re1 Qd6 33. Re7+ Kh6 34. Qf8+ Kg6 35. Qg8+ 1-0

[Event "FAI-chT2 2021"]
[Site "Faroe Islands"]
[Date "2020.11.08"]
[Round "4.4"]
[White "Petersen, Remi"]
[Black "Tummasarson, Flovin M"]
[Result "0-1"]
[WhiteElo "1508"]
[BlackElo "1625"]
[PlyCount "50"]
[EventDate "2020.10.04"]
[EventType "team-tourn"]
[EventRounds "10"]
[EventCountry "FAI"]
[SourceTitle "EXT 2022"]
[Source "ChessBase"]
[SourceDate "2021.10.06"]
[SourceVersion "1"]
[SourceVersionDate "2021.10.06"]
[SourceQuality "1"]
[WhiteTeam "Havnin III"]
[BlackTeam "Klaksvik III"]
[WhiteTeamCountry "FAI"]
[BlackTeamCountry "FAI"]

1. d4 d5 2. Nf3 Nf6 3. Bf4 Bf5 4. e3 e6 5. a3 Bd6 6. Bxd6 Qxd6 7. c4 c6 8. Nc3 0-0 9. c5 Qc7 10. Bd3 Bxd3 11. Qxd3 Nbd7 12. 0-0 e5 13. Qd2 e4 14. Ne1 Ng4 15. g3 f5 16. h3 Nh6 17. Qe2 Rae8 18. b4 Re7 19. b5 Kh8 20. a4 g5 21. a5 f4 22. Kh2 Ref7 23. Qh5 fxg3+ 24. Kg2 Rxf2+ 25. Rxf2 gxf2 0-1

[Event "Nordic-ch U17"]
[Site "Fredericia"]
[Date "2020.02.16"]
[Round "4"]
[White "Aalto, Patrik"]
[Black "Tummasarson, Flovin M"]
[Result "1-0"]
[WhiteElo "2080"]
[BlackElo "1664"]
[PlyCount "49"]
[EventDate "2020.02.14"]
[EventType "swiss"]
[EventRounds "6"]
[EventCountry "DEN"]
[SourceTitle "EXT 2021"]
[Source "ChessBase"]
[SourceDate "2020.10.23"]
[SourceVersion "1"]
[SourceVersionDate "2020.10.23"]
[SourceQuality "1"]

1. e4 e5 2. Nf3 Nc6 3. Bc4 Bc5 4. c3 Nf6 5. d4 exd4 6. e5 d5 7. Bb5 Ne4 8. cxd4 Be7 9. Nc3 Bf5 10. Be3 0-0 11. 0-0 Qd7 12. Rc1 Rfd8 13. Ne2 Bg4 14. Nf4 a6 15. Be2 f6 16. Nxd5 fxe5 17. Nxe7+ Nxe7 18. Nxe5 Bxe2 19. Qxe2 Qd6 20. Bf4 Qd5 21. Rxc7 Nf5 22. Qg4 Qe6 23. Nf7 Re8 24. Nh6+ Kh8 25. Nxf5 1-0

[Event "Nordic-ch U17"]
[Site "Fredericia"]
[Date "2020.02.15"]
[Round "5"]
[White "Tummasarson, Flovin M"]
[Black "Stage Steffensen, Sander"]
[Result "0-1"]
[WhiteElo "1664"]
[BlackElo "2105"]
[PlyCount "76"]
[EventDate "2020.02.14"]
[EventType "swiss"]
[EventRounds "6"]
[EventCountry "DEN"]
[SourceTitle "EXT 2021"]
[Source "ChessBase"]
[SourceDate "2020.10.23"]
[SourceVersion "1"]
[SourceVersionDate "2020.10.23"]
[SourceQuality "1"]

1. e4 e5 2. Nf3 Nc6 3. Bb5 a6 4. Ba4 Nf6 5. d3 b5 6. Bb3 Bc5 7. 0-0 d6 8. c3 0-0 9. Re1 Ba7 10. Nbd2 Na5 11. Bc2 Ng4 12. Re2 f5 13. h3 fxe4 14. dxe4 Nf6 15. b4 Nb7 16. Nf1 Qe8 17. Be3 Bxe3 18. Rxe3 Kh8 19. a4 Rb8 20. Ng3 Nd8 21. Nh4 Ne6 22. axb5 axb5 23. Nhf5 Qd8 24. Re1 Nf4 25. Bb3 Nxe4 26. Rxe4 Bxf5 27. Nxf5 Rxf5 28. Kh2 d5 29. Re3 c6 30. Bc2 e4 31. Qd2 Qc7 32. Kh1 Rbf8 33. f3 Nh5 34. Qd4 R5f7 35. Kg1 exf3 36. Qd3 g6 37. Rf1 Nf4 38. Qd1 Nxh3+ 0-1

[Event "Helsingor Xtracon op"]
[Site "Helsingor"]
[Date "2019.07.28"]
[Round "10"]
[White "Poulsen, Knud"]
[Black "Tummasarson, Flovin M"]
[Result "0-1"]
[WhiteElo "1743"]
[BlackElo "1561"]
[PlyCount "142"]
[EventDate "2019.07.20"]
[EventType "swiss"]
[EventRounds "10"]
[EventCountry "DEN"]
[SourceTitle "CBM 191 Extra"]
[Source "ChessBase"]
[SourceDate "2019.09.30"]
[SourceVersion "1"]
[SourceVersionDate "2019.09.30"]
[SourceQuality "1"]

1. c4 e5 2. Nc3 Nf6 3. g3 Bb4 4. Bg2 Nc6 5. e3 0-0 6. Nge2 d6 7. 0-0 Bf5 8. e4 Be6 9. d3 a6 10. h3 Bc5 11. Be3 Nd7 12. Qd2 f5 13. Bg5 Qe8 14. Kh2 Qh5 15. exf5 Bxf5 16. g4 Bxg4 17. Ng3 Qg6 18. hxg4 h6 19. Be4 Qxg5 20. Qxg5 hxg5 21. Bd5+ Kh7 22. Kg2 Nf6 23. Rh1+ Kg6 24. f3 Nd4 25. Raf1 c6 26. Be4+ Kf7 27. a3 Ne6 28. Nce2 Nf4+ 29. Nxf4 gxf4 30. g5 fxg3 31. gxf6 Kxf6 32. Kxg3 Rh8 33. Kg4 g5 34. b4 Be3 35. Kg3 Bf4+ 36. Kg2 Rh4 37. Rxh4 gxh4 38. Rh1 Rg8+ 39. Kf1 Bg3 40. a4 Rd8 41. d4 d5 42. dxe5+ Kxe5 43. cxd5 cxd5 44. Bg6 Rd6 45. Be8 Re6 46. Bh5 Kf4 47. Bf7 Re5 48. Kg2 Re2+ 49. Kh3 d4 50. Bc4 Re1 51. Rxe1 Bxe1 52. b5 axb5 53. axb5 b6 54. Kg2 Ke3 55. Bd5 d3 56. Kf1 d2 57. Bb3 Kxf3 58. Bd1+ Ke3 59. Kg2 Kd3 60. Kf1 h3 61. Kg1 Bg3 62. Kf1 h2 63. Kg2 Bf4 64. Kh1 Kc3 65. Kg2 Kb2 66. Bf3 Kc1 67. Kf2 d1Q 68. Bxd1 h1Q 69. Bf3 Qh2+ 70. Kf1 Be3 71. Bg2 Kd2 0-1

[Event "Runavik op"]
[Site "Runavik"]
[Date "2018.11.14"]
[Round "4"]
[White "Markensten, Max"]
[Black "Tummasarson, Flovin M"]
[Result "1-0"]
[WhiteElo "1660"]
[BlackElo "1378"]
[PlyCount "59"]
[EventDate "2018.11.12"]
[EventType "swiss"]
[EventRounds "9"]
[EventCountry "FAI"]
[SourceTitle "CBM 187 Extra"]
[Source "ChessBase"]
[SourceDate "2018.11.04"]
[SourceVersion "1"]
[SourceVersionDate "2018.11.04"]
[SourceQuality "1"]

1. d4 d5 2. c4 e6 3. Nc3 Nf6 4. cxd5 exd5 5. Bg5 Nbd7 6. e3 c6 7. Bd3 Be7 8. Nge2 0-0 9. 0-0 b6 10. Qc2 Bb7 11. a3 c5 12. dxc5 bxc5 13. Rfd1 h6 14. Bh4 Re8 15. Rac1 Qc7 16. Bg3 Bd6 17. Nb5 Qc6 18. Nxd6 Re6 19. Nxb7 Qxb7 20. Nf4 Rb6 21. Qc3 c4 22. Be2 Rxb2 23. Bf3 Rb3 24. Nxd5 Rxc3 25. Nxf6+ Nxf6 26. Bxb7 Rxc1 27. Rxc1 Rd8 28. a4 c3 29. Ba6 Rd7 30. Rxc3 1-0

[Event "Runavik op"]
[Site "Runavik"]
[Date "2018.11.12"]
[Round "1"]
[White "Kjartansson, Gudmundur"]
[Black "Tummasarson, Flovin M"]
[Result "1-0"]
[WhiteElo "2423"]
[BlackElo "1378"]
[PlyCount "45"]
[EventDate "2018.11.12"]
[EventType "swiss"]
[EventRounds "9"]
[EventCountry "FAI"]
[SourceTitle "CBM 187 Extra"]
[Source "ChessBase"]
[SourceDate "2018.11.04"]
[SourceVersion "1"]
[SourceVersionDate "2018.11.04"]
[SourceQuality "1"]

1. d4 d5 2. c4 e6 3. Nc3 Nf6 4. cxd5 exd5 5. Bg5 Nbd7 6. e3 c6 7. Bd3 Be7 8. Nge2 0-0 9. Qc2 h6 10. Bh4 Re8 11. f3 b6 12. 0-0-0 Bb7 13. g4 Nf8 14. Bf2 Ne6 15. h4 c5 16. Rdg1 Nd7 17. f4 g5 18. hxg5 hxg5 19. Ba6 Nf6 20. Bxb7 Rb8 21. Bxd5 cxd4 22. Nxd4 Nxd4 23. Qg6+ 1-0

[Event "Helsingor Xtracon op"]
[Site "Helsingor"]
[Date "2018.07.27"]
[Round "8"]
[White "Rasmussen, Henning H"]
[Black "Tummasarson, Flovin M"]
[Result "1/2-1/2"]
[WhiteElo "1682"]
[BlackElo "1237"]
[PlyCount "63"]
[EventDate "2018.07.21"]
[EventType "swiss"]
[EventRounds "10"]
[EventCountry "DEN"]
[SourceTitle "CBM 185 Extra"]
[Source "ChessBase"]
[SourceDate "2018.07.29"]
[SourceVersion "1"]
[SourceVersionDate "2018.07.29"]
[SourceQuality "1"]

1. d4 d5 2. c4 e6 3. e3 Nf6 4. Nf3 c6 5. Bd3 dxc4 6. Bxc4 Nbd7 7. Nc3 Be7 8. 0-0 b6 9. e4 Bb7 10. e5 Nd5 11. Nxd5 cxd5 12. Bd3 0-0 13. Qe2 Rc8 14. Bd2 Re8 15. Rac1 Rxc1 16. Rxc1 f6 17. exf6 Bxf6 18. Bb5 Re7 19. Bxd7 Qxd7 20. Ne5 Qa4 21. Bc3 Qxa2 22. f4 Qa4 23. Qe1 Bxe5 24. fxe5 Qe8 25. Rd1 Bc8 26. g3 Rf7 27. Qe3 Qc6 28. Rc1 Qb7 29. Bb4 Rc7 30. Rxc7 Qxc7 31. Qc3 Qxc3 32. Bxc3 1/2-1/2

[Event "Helsingor Xtracon op"]
[Site "Helsingor"]
[Date "2018.07.25"]
[Round "6"]
[White "Svane, Freja"]
[Black "Tummasarson, Flovin M"]
[Result "1/2-1/2"]
[WhiteElo "1608"]
[BlackElo "1237"]
[PlyCount "73"]
[EventDate "2018.07.21"]
[EventType "swiss"]
[EventRounds "10"]
[EventCountry "DEN"]
[SourceTitle "CBM 185 Extra"]
[Source "ChessBase"]
[SourceDate "2018.07.29"]
[SourceVersion "1"]
[SourceVersionDate "2018.07.29"]
[SourceQuality "1"]

1. d4 d5 2. c4 e6 3. Nc3 Nf6 4. Bg5 Nbd7 5. cxd5 exd5 6. e3 c6 7. Nf3 Be7 8. Bd3 0-0 9. 0-0 b6 10. Rb1 Bb7 11. b4 h6 12. Bh4 a6 13. a4 Ne4 14. Bxe4 dxe4 15. Bxe7 Qxe7 16. Nd2 f5 17. Qb3+ Kh8 18. Rfc1 Qf7 19. Nc4 Qg6 20. Ne2 Qf6 21. Nf4 Rae8 22. g3 g5 23. Ne2 h5 24. Kf1 h4 25. b5 cxb5 26. axb5 Re6 27. bxa6 Bxa6 28. Qa4 b5 29. Rxb5 Bxb5 30. Qxb5 Rd8 31. Ra1 Nb6 32. Ra5 Rd5 33. Qb4 Rxa5 34. Nxa5 hxg3 35. hxg3 Qh6 36. Kg2 Nd7 37. Qc4 1/2-1/2

[Event "Runavik op"]
[Site "Runavik"]
[Date "2017.11.22"]
[Round "3"]
[White "Rowe, Oliver"]
[Black "Tummasarson, Flovin M"]
[Result "0-1"]
[WhiteElo "1639"]
[BlackElo "1242"]
[PlyCount "100"]
[EventDate "2017.11.20"]
[EventType "swiss"]
[EventRounds "9"]
[EventCountry "FAI"]
[SourceTitle "CBM 181 Extra"]
[Source "ChessBase"]
[SourceDate "2017.12.12"]
[SourceVersion "1"]
[SourceVersionDate "2017.12.12"]
[SourceQuality "1"]

1. d4 d5 2. Bf4 Nf6 3. e3 Bf5 4. Nf3 c6 5. Be2 e6 6. Nh4 Bd6 7. Nxf5 exf5 8. Bg3 Bxg3 9. hxg3 Qb6 10. b3 Ne4 11. 0-0 Nd7 12. g4 fxg4 13. Bxg4 Ndf6 14. Be2 0-0 15. Qd3 Qc7 16. Nd2 Rfe8 17. Nf3 Ng4 18. Ne5 Nxe5 19. dxe5 Qxe5 20. f4 Qc3 21. Rae1 Qxd3 22. Bxd3 Nc3 23. a3 Re7 24. Rf3 Rae8 25. Kf2 g6 26. g4 Ne4+ 27. Bxe4 Rxe4 28. Rd1 g5 29. Rd4 Rxd4 30. exd4 Re4 31. c3 gxf4 32. g5 Kg7 33. Rh3 Kg6 34. Rh6+ Kg7 35. Rh3 Re7 36. c4 Re4 37. cxd5 Rxd4 38. dxc6 bxc6 39. Rc3 Rd6 40. Kf3 c5 41. Kxf4 Rd5 42. b4 cxb4 43. axb4 Rd4+ 44. Kf5 Rxb4 45. Rc5 Ra4 46. Rc7 Ra1 47. Ke5 a5 48. Kd6 a4 49. Ke7 a3 50. Ke8 Re1+ 0-1

[Event "Faroes op"]
[Site "Kollafjord"]
[Date "2017.07.18"]
[Round "8"]
[White "Tummasarson, Flovin M"]
[Black "Morkore, Rogvi"]
[Result "1/2-1/2"]
[WhiteElo "1235"]
[BlackElo "1317"]
[PlyCount "79"]
[EventDate "2017.07.12"]
[EventType "swiss"]
[EventRounds "9"]
[EventCountry "FAI"]
[SourceTitle "EXT 2018"]
[Source "ChessBase"]
[SourceDate "2017.10.13"]
[SourceVersion "1"]
[SourceVersionDate "2017.10.13"]
[SourceQuality "1"]

1. e4 e6 2. d4 d5 3. exd5 exd5 4. Nf3 Nf6 5. Bd3 Bd6 6. Nc3 0-0 7. Bg5 Re8+ 8. Ne2 Bg4 9. Qd2 Bxf3 10. gxf3 Nbd7 11. 0-0-0 c5 12. dxc5 Bxc5 13. Nc3 Qa5 14. Nxd5 Qxd2+ 15. Rxd2 Nxd5 16. Bxh7+ Kxh7 17. Rxd5 Re5 18. Rhd1 Bxf2 19. Rxd7 Rxg5 20. Rxf7 Be3+ 21. Kb1 Rd8 22. Rf1 Rg1 23. Rxg1 Bxg1 24. a3 Bxh2 25. Rxb7 Bg1 26. Rf7 Rd1+ 27. Ka2 Rd6 28. Re7 Rf6 29. Re1 Bb6 30. Rf1 g5 31. b4 Kg6 32. c4 g4 33. c5 Rxf3 34. Rg1 Bxc5 35. bxc5 Kf5 36. Rc1 Rd3 37. c6 Rd8 38. c7 Rc8 39. Rc5+ Ke6 40. Rg5 1/2-1/2

[Event "Faroes op"]
[Site "Kollafjord"]
[Date "2017.07.16"]
[Round "6"]
[White "Nielsen, Suni i Horni"]
[Black "Tummasarson, Flovin M"]
[Result "1-0"]
[WhiteElo "1270"]
[BlackElo "1235"]
[PlyCount "33"]
[EventDate "2017.07.12"]
[EventType "swiss"]
[EventRounds "9"]
[EventCountry "FAI"]
[SourceTitle "EXT 2018"]
[Source "ChessBase"]
[SourceDate "2017.10.13"]
[SourceVersion "1"]
[SourceVersionDate "2017.10.13"]
[SourceQuality "1"]

1. e4 e5 2. Nf3 Nc6 3. Nc3 d6 4. h3 f5 5. exf5 Bxf5 6. Bb5 h6 7. d3 Nf6 8. Qe2 Be7 9. Nh4 Bh7 10. g4 Nd7 11. Nf5 Bxf5 12. gxf5 Nd4 13. Qh5+ Kf8 14. Bc4 Qe8 15. Qxe8+ Rxe8 16. Kd1 Nxf5 17. Be6 1-0